Language Quiz

Random Language or Spanish Quiz

Spanish Irregular Affirmative Tú Commands Quiz Stats

 Plays Quiz Updated Nov 15, 2014

Challenge
Share
Tweet
Embed
Score 0/8 Timer 01:30
0 Plays Today
Infinitive Affirmative Tú Command % Correct
DecirDi
96.1%
PonerPon
90%
SalirSal
89.4%
TenerTen
88.1%
VenirVen
87.9%
HacerHaz
85.3%
Ser
84.1%
IrVe
81.4%

You're not logged in!

Compare scores with friends on all Sporcle quizzes.
OR
Log In

You Might Also Like...

Show Comments

Extras

Top Quizzes Today


Score Distribution

Your Account Isn't Verified!

In order to create a playlist on Sporcle, you need to verify the email address you used during registration. Go to your Sporcle Settings to finish the process.

Report this User

Report this user for behavior that violates our Community Guidelines.

Details: